Význam inovácií v logistike
Inovácie ako konkurenčná výhoda. Význam inovácií. Inovácie v logistike. Podpora inovácií.
Gespeichert in:
| 1. Verfasser: | |
|---|---|
| Format: | Buchkapitel |
| Sprache: | Slowakisch |
| Schlagworte: | |
| Tags: |
Keine Tags, Fügen Sie das erste Tag hinzu!
|
MARC
| LEADER | 00000naa$a2200000$$$4500 | ||
|---|---|---|---|
| 001 | 0048212 | ||
| 005 | 20240502071543.7 | ||
| 041 | 0 | |a slo | |
| 044 | |a SK | ||
| 245 | 1 | 0 | |a Význam inovácií v logistike |c Mária Dzurová |
| 520 | |a Inovácie ako konkurenčná výhoda. Význam inovácií. Inovácie v logistike. Podpora inovácií. | ||
| 610 | 2 | 0 | |a inovácia |
| 610 | 2 | 0 | |a logistika |
| 610 | 2 | 0 | |a výhody konkurenčné |
| 100 | 1 | |a Dzurová, Mária | |